00517 2200193 4500001002100000005001500021035002000036007000300056008004100059020001800100082000800118084001400126100002100140245005500161260005100216300002900267600001300296856001400309INLIS00000000000905220260312111705 a0010-0326000011ta260312 0  a979-497-592-3 a635 a635 BAM b0 aBambang Soelarso1 aBudi Daya Jeruk Bebas Penyakit /cBambang Soelarso aYogyakarta :bKANISISUS (anggota IKAPI),c1996 a97 hlm :bIlusi ;c21 cm 4aberkebun aKelas 635